[Event "KEN-chT"]
[Site "Nairobi"]
[Date "2019.04.13"]
[Round "9.1"]
[White "Sagwa, Hillary"]
[Black "Mulaga, Geoffrey"]
[Result "1-0"]
[WhiteElo "1716"]
[BlackElo "1758"]
[PlyCount "73"]
[EventDate "2019.02.09"]
[EventType "team-tourn"]
[EventRounds "27"]
[EventCountry "KEN"]
[SourceTitle "CBM 192 Extra"]
[Source "Chessbase"]
[SourceDate "2019.11.06"]
[SourceVersion "1"]
[SourceVersionDate "2019.11.06"]
[SourceQuality "1"]
[WhiteTeam "Black Knights"]
[BlackTeam "Eastlands"]
[WhiteTeamCountry "KEN"]
[BlackTeamCountry "KEN"]

1. e4 c6 2. d4 Nf6 3. Bd3 e5 4. dxe5 Qa5+ 5. Nc3 Qxe5 6. f4 Qc7 7. Nf3 Bb4 8. 0-0 Ng4 9. Kh1 h5 10. Bd2 Bc5 11. Qe2 b5 12. Rae1 Qb6 13. Nd1 Na6 14. c3 Nc7 15. h3 Ne6 16. b4 Be7 17. g3 a5 18. hxg4 hxg4+ 19. Nh2 axb4 20. cxb4 d6 21. Nc3 Nd4 22. Qe3 Bd7 23. Kg2 Ra3 24. Bb1 c5 25. Bc1 Ra8 26. Nd5 Qd8 27. f5 Nc6 28. Nxg4 f6 29. Rh1 Rxh1 30. Rxh1 Kf7 31. Rh7 Kg8 32. Rxg7+ Kxg7 33. Qh6+ Kg8 34. Qg6+ Kh8 35. Ngxf6 Bxf6 36. Nxf6 Qe7 37. Qh6+ 1-0

[Event "KEN-chT"]
[Site "Nairobi"]
[Date "2019.02.09"]
[Round "1.2"]
[White "Kungu, Ann"]
[Black "Mulaga, Geoffrey"]
[Result "0-1"]
[WhiteElo "1190"]
[BlackElo "1758"]
[PlyCount "104"]
[EventDate "2019.02.09"]
[EventType "team-tourn"]
[EventRounds "27"]
[EventCountry "KEN"]
[SourceTitle "CBM 192 Extra"]
[Source "Chessbase"]
[SourceDate "2019.11.06"]
[SourceVersion "1"]
[SourceVersionDate "2019.11.06"]
[SourceQuality "1"]
[WhiteTeam "Lighthouse"]
[BlackTeam "Eastlands"]
[WhiteTeamCountry "KEN"]
[BlackTeamCountry "KEN"]

1. Nf3 d6 2. g3 e5 3. Bg2 Nf6 4. b3 Nc6 5. Bb2 Be7 6. 0-0 Bg4 7. d3 0-0 8. c4 Qd7 9. Nc3 Bh3 10. Nd5 Bxg2 11. Nxf6+ Bxf6 12. Kxg2 e4 13. Bxf6 exf3+ 14. exf3 gxf6 15. Re1 Rfe8 16. Qd2 Qf5 17. Re3 Rxe3 18. fxe3 Ne5 19. Rf1 Qxd3 20. Qf2 a5 21. h3 a4 22. f4 Qe4+ 23. Kg1 Nd3 24. Qe2 axb3 25. axb3 Nc5 26. Qg4+ Kh8 27. Qf3 Qxf3 28. Rxf3 f5 29. Rf2 Ra3 30. Rb2 Ra1+ 31. Kg2 Re1 32. Kf3 Nd3 33. Ra2 Nc5 34. b4 Ne4 35. g4 Rf1+ 36. Kg2 Rb1 37. b5 Rb4 38. Rc2 fxg4 39. hxg4 Kg7 40. Kf3 Nc5 41. f5 h6 42. Kf4 b6 43. e4 Rb3 44. e5 Nd3+ 45. Ke4 Nxe5 46. Kd5 Rd3+ 47. Ke4 Rg3 48. f6+ Kxf6 49. Rf2+ Ke6 50. Rh2 Rxg4+ 51. Ke3 Rxc4 52. Rxh6+ Kd5 0-1